Guía ilustrada de los Briófitos del parque Arví (Piedras Blancas) (Registro nro. 1528)

Detalles MARC
000 -CABECERA
Campo de control 00874nam a2200277 a 4500
005 - FECHA Y HORA DE LA ULTIMA TRANSACCION
Campo de control 20161123123226.0
008 - ELEMENTOS DE LONGITUD FIJA—INFORMACION GENERAL
Campo de control 140228b1999 ck ||||| |||| 00| 0 spa d
020 ## - ISBN
ISBN 9589663915
040 ## - FUENTE DE CATALOGACIÓN
Agencia catalogadora original CO-BoIAVH
Agencia transcriptora CO-BoIAVH
041 0# - IDIOMA
Código de idioma para texto/pista de sonido o título separado Español
044 ## - PAÍS DE PUBLICACIÓN
País de publicación Colombia
082 04 - NUMERO DE CLASIFICACION DECIMAL DEWEY
Número de clasificación 588
Número del ítem P25g
100 ## - ASIENTO PRINCIPAL--NOMBRE PERSONAL
Nombre personal Parra Cuspoca, Juan David
9 (RLIN) 12717
245 1# - MENCION DE TITULO
Título Guía ilustrada de los Briófitos del parque Arví (Piedras Blancas)
260 ## - PUBLICACION, DISTRIBUCION, ETC. (PIE DE IMPRENTA)
Lugar de publicación, distribución, etc. Medellín
Nombre del editor, distribuidor, etc. CORANTIOQUIA
Fecha de publicación, distribución, etc. 1999
300 ## - DESCRIPCION FISICA
Extensión 162 paginas
Dimensiones 19 x12 cm
650 14 - ASIENTO SECUNDARIO DE MATERIA - TERMINO TEMATICO
Término temático o nombre geográfico como elemento de entrada Briófitos
9 (RLIN) 77262
650 14 - ASIENTO SECUNDARIO DE MATERIA - TERMINO TEMATICO
Término temático o nombre geográfico como elemento de entrada Guía de campo
9 (RLIN) 77263
650 14 - ASIENTO SECUNDARIO DE MATERIA - TERMINO TEMATICO
Término temático o nombre geográfico como elemento de entrada Descripciones taxonómicas
9 (RLIN) 77264
650 14 - ASIENTO SECUNDARIO DE MATERIA - TERMINO TEMATICO
Término temático o nombre geográfico como elemento de entrada Ecología
9 (RLIN) 77265
650 14 - ASIENTO SECUNDARIO DE MATERIA - TERMINO TEMATICO
Término temático o nombre geográfico como elemento de entrada Distribución geográfica
9 (RLIN) 77266
662 ## - ASIENTO SECUNDARIO DE MATERIA - JERARQUIA DEL NOMBRE DE LUGAR(
País o entidad mayor Colombia
Jurisdicción política intermedia Parque Regional Arví
Jurisdicción política de primer orden Antioquia
700 ## - ASIENTO SECUNDARIO - NOMBRE PERSONAL
Nombre personal Callejas Posada, Ricardo
9 (RLIN) 12454
700 ## - ASIENTO SECUNDARIO - NOMBRE PERSONAL
Nombre personal Posada García, José Andrés
9 (RLIN) 12721
942 ## - ELEMENTOS ADICIONALES (KOHA)
Tipo de ítem Libro
Sistema de clasificación Dewey Decimal Classification
Existencias
Withdrawn status Lost status Sistema de Clasificación Damaged status No para préstamo Colección Inventariado Ubicación Permanente Ubicación actual Fecha de adquisición Fuente de Valor Valor Total Checkouts Número topográfico Inventario / Código de Barras Date last seen Ejemplar Price effective from Forma de adquisición Tipo de material
    Dewey Decimal Classification     General Inventariado 2017 Bogotá Bogotá 25/11/1999 Corporación Autónoma Regional del Centro de Antioquia 39000.00   LB-588 P25g 002113 04/12/2012 Ej. 1 04/12/2012 Donación Libro
    Dewey Decimal Classification     General Inventariado 2017 Sala Fabio Quevedo Sala Fabio Quevedo 18/01/2001 Corporación Autónoma Regional del Centro de Antioquia 39000.00   LB-588 P25g 002114 04/12/2012 Ej. 2 04/12/2012 Donación Libro